[Event "BL2 West 1112 (Women)"]
[Site "Germany"]
[Date "2012.02.11"]
[Round "6.4"]
[White "Kohls, Vera"]
[Black "Mittag, Sonja"]
[Result "1-0"]
[WhiteElo "1856"]
[BlackElo "1512"]
[PlyCount "143"]
[EventDate "2011.10.29"]
[EventType "team-tourn"]
[EventRounds "7"]
[EventCountry "GER"]
[SourceTitle "EXT 2013"]
[Source "ChessBase"]
[SourceDate "2012.11.22"]
[SourceVersion "1"]
[SourceVersionDate "2012.11.22"]
[SourceQuality "1"]
[WhiteTeam "Delmenhorst (W)"]
[BlackTeam "Krefeld Turm (W)"]
[WhiteTeamCountry "GER"]
[BlackTeamCountry "GER"]

1. d4 d5 2. Nf3 Nf6 3. Bg5 Ne4 4. Bh4 Nd7 5. e3 Ndf6 6. Nbd2 Bf5 7. Be2 e6 8. Ne5 Be7 9. 0-0 0-0 10. f3 Nxd2 11. Qxd2 Nd7 12. Bxe7 Qxe7 13. Nxd7 Qxd7 14. f4 Be4 15. c3 Qe7 16. Qe1 Kh8 17. g4 g5 18. Qg3 f6 19. Rf2 Rae8 20. Raf1 Kg7 21. fxg5 fxg5 22. Qe5+ Kg8 23. Rxf8+ Rxf8 24. Rxf8+ Kxf8 25. Qh8+ Kf7 26. Qe5 c6 27. b4 Qd8 28. a3 b6 29. Qg3 Qe7 30. Kf2 c5 31. Ke1 c4 32. Qe5 b5 33. Qb8 Qd7 34. Kd2 Kg6 35. Qe5 Qe7 36. Qb8 Qd7 37. Qg8+ Kf6 38. Qh8+ Kg6 39. Qg8+ Kf6 40. Qf8+ Kg6 41. Qf2 Qe7 42. Qg3 Kf7 43. Bd1 Qf6 44. Ke1 Bd3 45. Bf3 Qe7 46. Qe5 Qf6 47. Qg3 Qe7 48. Qh3 Kg7 49. Qg2 Qb7 50. Qg3 Qe7 51. e4 Qf6 52. exd5 exd5 53. Qf2 Qe6+ 54. Kd2 Be4 55. Qe3 Kf6 56. Be2 Qa6 57. h4 gxh4 58. Qh6+ Bg6 59. Qxh4+ Kf7 60. Qf2+ Ke7 61. g5 Qxa3 62. Qf6+ Kd7 63. Bg4+ Kc7 64. Qe7+ Kb6 65. Qc5+ Kb7 66. Qxb5+ Kc7 67. Qd7+ Kb6 68. Qd8+ Kc6 69. b5+ Kxb5 70. Bd7+ Ka6 71. Qc8+ Ka5 72. Qc7+ 1-0

[Event "NRW-ch U16 Girls"]
[Site "Kranenburg"]
[Date "2009.04.16"]
[Round "6"]
[White "Sturm, Johanna"]
[Black "Mittag, Sonja"]
[Result "1-0"]
[WhiteElo "1292"]
[BlackElo "1373"]
[PlyCount "55"]
[EventDate "2009.04.13"]
[EventType "swiss"]
[EventRounds "7"]
[EventCountry "GER"]
[SourceTitle "EXT 2010"]
[Source "ChessBase"]
[SourceDate "2010.11.25"]
[SourceVersion "1"]
[SourceVersionDate "2010.11.25"]
[SourceQuality "1"]

1. e4 e5 2. Nf3 Nf6 3. Nc3 Nc6 4. Bc4 Bc5 5. d3 d6 6. h3 h6 7. Be3 Bd7 8. 0-0 Qe7 9. Re1 0-0-0 10. a3 Nd4 11. Bxd4 Bxd4 12. Nxd4 exd4 13. Nd5 Nxd5 14. Bxd5 Qg5 15. Qf3 f6 16. e5 fxe5 17. Bxb7+ Kb8 18. Qd5 Qg6 19. Ba6 Bc8 20. Qb5+ Ka8 21. Bxc8 Rxc8 22. Qc6+ Kb8 23. Rxe5 Rce8 24. Rb5+ Kc8 25. Rb7 Qf7 26. Rxa7 Kd8 27. Ra8+ Ke7 28. Re1+ 1-0

[Event "NRW-ch U16 Girls"]
[Site "Kranenburg"]
[Date "2009.04.13"]
[Round "1"]
[White "Deichsler, Janina"]
[Black "Mittag, Sonja"]
[Result "0-1"]
[WhiteElo "1137"]
[BlackElo "1373"]
[PlyCount "70"]
[EventDate "2009.04.13"]
[EventType "swiss"]
[EventRounds "7"]
[EventCountry "GER"]
[SourceTitle "EXT 2010"]
[Source "ChessBase"]
[SourceDate "2010.11.25"]
[SourceVersion "1"]
[SourceVersionDate "2010.11.25"]
[SourceQuality "1"]

1. e4 e5 2. d3 Nf6 3. Nd2 Bc5 4. Ngf3 Nc6 5. g3 d6 6. Bg2 Be6 7. 0-0 Qd7 8. Ng5 Bg4 9. Qe1 Nd4 10. Ndf3 Nxc2 11. Qc3 Nxa1 12. Nxe5 Bxf2+ 13. Rxf2 dxe5 14. Qxe5+ Qe7 15. Qc3 0-0-0 16. b3 h6 17. Nf3 Nxb3 18. Qxb3 Qc5 19. Ba3 Qa5 20. Bb4 Qb5 21. h3 Rxd3 22. Nd4 Rxd4 23. hxg4 Qxb4 24. Qxf7 Qe1+ 25. Rf1 Qe3+ 26. Kh1 Rd7 27. Qe6 Re8 28. Qf5 Qxg3 29. Rf3 Qe5 30. Rb3 Qxf5 31. exf5 b6 32. Rb1 Rd2 33. Bf1 Nxg4 34. Ba6+ Kb8 35. Rg1 Rh2# 0-1

[Event "NRW-ch U14 Girls"]
[Site "Kranenburg"]
[Date "2008.03.25"]
[Round "3"]
[White "Mittag, Sonja"]
[Black "Bachem, Lisa"]
[Result "1/2-1/2"]
[WhiteElo "1164"]
[BlackElo "1086"]
[PlyCount "90"]
[EventDate "2008.03.24"]
[EventType "swiss"]
[EventRounds "7"]
[EventCountry "GER"]
[SourceTitle "EXT 2009"]
[Source "ChessBase"]
[SourceDate "2008.11.26"]
[SourceVersion "1"]
[SourceVersionDate "2008.11.26"]
[SourceQuality "1"]

1. d4 d5 2. Bf4 Bf5 3. Nf3 Nc6 4. a3 Nf6 5. e3 a6 6. Be2 e6 7. Nbd2 Be7 8. c4 Qd7 9. Qb3 Rb8 10. 0-0 0-0 11. Nh4 Ne4 12. Qd1 Bxh4 13. g3 Be7 14. Nf3 h6 15. g4 Bxg4 16. Bg3 Bh3 17. Re1 Nxg3 18. hxg3 Rfd8 19. b4 dxc4 20. Bxc4 b5 21. Bb3 Bg4 22. Bc2 Bf6 23. Rc1 Bg5 24. Be4 Nxd4 25. Ne5 Bxd1 26. Nxd7 Rxd7 27. Rcxd1 f5 28. exd4 fxe4 29. Rxe4 Bf6 30. Rxe6 Rxd4 31. Rc1 Rc4 32. Rxc4 bxc4 33. Rc6 c3 34. Rxc7 Rd8 35. a4 Rd1+ 36. Kg2 Be7 37. b5 axb5 38. axb5 Rb1 39. b6 Bd6 40. Rc6 c2 41. Rxc2 Rxb6 42. f4 Kf7 43. Kh3 g6 44. Rf2 Kf6 45. g4 Rb4 1/2-1/2